Lonely planet central europe / (Record no. 15687)

000 -LEADER
fixed length control field 01297nam a2200205 a 4500
001 - CONTROL NUMBER
control field ASIN1741796822
005 - DATE AND TIME OF LATEST TRANSACTION
control field 20170105102923.0
008 - FIXED-LENGTH DATA ELEMENTS--GENERAL INFORMATION
fixed length control field 131209s2011 xxu eng d
020 ## - INTERNATIONAL STANDARD BOOK NUMBER
International Standard Book Number 1741796822 (paperback)
Terms of availability $29.99
020 ## - INTERNATIONAL STANDARD BOOK NUMBER
International Standard Book Number 9781741796827 (paperback)
040 ## - CATALOGING SOURCE
Original cataloging agency 0
100 1# - MAIN ENTRY--PERSONAL NAME
Personal name Dunford, Lisa.
245 10 - TITLE STATEMENT
Title Lonely planet central europe /
Statement of responsibility, etc. Lisa Dunford.
250 ## - EDITION STATEMENT
Edition statement 9th ed.
260 ## - PUBLICATION, DISTRIBUTION, ETC.
Place of publication, distribution, etc. [S.l.] :
Name of publisher, distributor, etc. Lonely Planet,
Date of publication, distribution, etc. 2011.
300 ## - PHYSICAL DESCRIPTION
Extent 640 p. ;
Dimensions 20 cm.
520 ## - SUMMARY, ETC.
Summary, etc. “Like a sharp-eyed great uncle, Central Europe tells a gripping story – one of east meets west, imperial grandeur, menacing fortresses and forest-cloaked peaks…it’s a tale you’ll never forget.” – Mark Baker, Lonely Planet Writer Our Promise You can trust our travel information because Lonely Planet authors visit the places we write about, each and every edition. We never accept freebies for positive coverage, and you can rely on us to tell it like we see it. Inside This Book… 8 passionate authors 105 maps 348 days of vibrant festivals 841km of the mighty Danube Inspirational photos Comprehensive planning tools In-depth background Easy-to-read layout Clear, easy-to-use maps At-a-glance
856 ## - ELECTRONIC LOCATION AND ACCESS
Materials specified Amazon.com
Uniform Resource Identifier <a href="http://www.amazon.com/exec/obidos/ASIN/1741796822/">http://www.amazon.com/exec/obidos/ASIN/1741796822/</a>
942 ## - ADDED ENTRY ELEMENTS (KOHA)
Source of classification or shelving scheme
Koha item type Book
Holdings
Withdrawn status Lost status Damaged status Not for loan Collection code Permanent Location Current Location Shelving location Date acquired Total Checkouts Full call number Barcode Date last seen Date last checked out Price effective from Koha item type
          Central Library (CL) Central Library (CL) General Stacks 10/02/2013 2 914.30409051 DUN 2011 CIPS0001725 01/26/2026 12/30/2025 12/09/2013 Book
© 2023 Central Library, National University of Sciences and Technology. All Rights Reserved.